Central Library OPAC University of Rajshahi

Approach to book-keeping / (Record no. 15373)

MARC details
000 -LEADER
fixed length control field 00712nam a2200253 a 4500
001 - CONTROL NUMBER
control field 15373
003 - CONTROL NUMBER IDENTIFIER
rucl marc code BD-RjUL
005 - DATE AND TIME OF LATEST TRANSACTION
control field 20211208235813.0
008 - FIXED-LENGTH DATA ELEMENTS--GENERAL INFORMATION
fixed length control field 170118s1964 enk xx 1 00eng dng d
035 ## - SYSTEM CONTROL NUMBER
System control number (BD-RjUL)15427
040 ## - CATALOGING SOURCE
Original cataloging agency UKM
Transcribing agency UKM
Modifying agency BD-RjUL
Language of cataloging eng
041 ## - LANGUAGE CODE
Language code of text/sound track or separate title eng
082 ## - DEWEY DECIMAL CLASSIFICATION NUMBER
Classification number 657.2
Edition number 23
Author mark and year HOA 1964
100 1# - MAIN ENTRY--PERSONAL NAME
Personal name Horrocks, J.
9 (RLIN) 47773
245 10 - TITLE STATEMENT
Title Approach to book-keeping /
Statement of responsibility, etc. by J. Horrocks and J. B. Stevenson
250 ## - EDITION STATEMENT
Edition statement 2nd ed.
260 ## - PUBLICATION, DISTRIBUTION, ETC. (IMPRINT)
Place of publication, distribution, etc. London :
Name of publisher, distributor, etc. Longmans,
Date of publication, distribution, etc. 1964.
300 ## - PHYSICAL DESCRIPTION
Pagination vii, 282, [1] p. :
Size 23 cm.
500 ## - GENERAL NOTE
General note Includes index.
650 ## - SUBJECT ADDED ENTRY--TOPICAL TERM
Topical term or geographic name as entry element Accounting.
9 (RLIN) 175106
Topical term or geographic name as entry element Bookkeeping.
9 (RLIN) 182506
700 1# - ADDED ENTRY--PERSONAL NAME
Personal name Stevenson, J. B. , jt. auth.
942 ## - ADDED ENTRY ELEMENTS (KOHA)
Source of classification or shelving scheme Dewey Decimal Classification
Koha item type Books
Holdings
Lost status Source of classification or shelving scheme Damaged status Not for loan Collection code Permanent Location Current Location Shelving location Date acquired Source of acquisition Cost, normal purchase price Total Checkouts Full call number Date last seen Copy number Koha item type
  Dewey Decimal Classification     Non-fiction Central Library, University of Rajshahi Central Library, University of Rajshahi   02/07/1973 Book Center 14.30   657.2 HOA 1964 10/02/2014 C-3 Books
  Dewey Decimal Classification     Non-fiction Central Library, University of Rajshahi Central Library, University of Rajshahi Reading Room 31/08/1964 Zeitlinger 11.90   657.2 HOA 1964 18/01/2017 C-1 Books
  Dewey Decimal Classification     Non-fiction Central Library, University of Rajshahi Central Library, University of Rajshahi   02/07/1973 Book Center Dhaka 14.30   657.2 HOA 1964 23/03/2019 C-2 Books
  Dewey Decimal Classification     Non-fiction Central Library, University of Rajshahi Central Library, University of Rajshahi   31/08/1964 zeitlinger 11.90   657.2 HOA 1964 11/04/2019 C-4 Books